Statistics for Alphabet Sandwich

Click here to take the quiz!

General Stats

  • This quiz has been taken 33 times
  • The average score is 6 of 15

Answer Stats

HintAnswer% Correct
Chemical ElementsIronLithiumKrypton, Lanthanum, Lawrencium, Lead
67%
Shakespeare PlaysMerry Wives of WindsorPericlesMidsummer Night's Dream, Much Ado about Nothing, Othello
60%
Disney Animated FilmsOne Hundred and One DalmatiansRalph Breaks the InternetPeter Pan, Pinocchio, Pocahontas
50%
Official LanguagesNorwegianPolishPalauan, Persian, Pashto
47%
National CapitalsBrusselsBuenos AiresBucharest, Budapest
43%
Baskin-Robbins Original 31 FlavorsPistacio NutVanillaRaspberry Sherbet, Rocky Road, Strawberry
43%
Books of the BiblePhilippiansRomansProverbs, Psalms, Revelation
40%
Rivers longer than 1,000 kmYellowstoneZeyaYenesei, Yukon, Zambezi
40%
Leaders of G7 CountriesEnrico LettaAngela MerkelEmmanuel Macron, John Major, Paul Martin, Theresa May
33%
Monopoly Properties (US version, Excl. Railroads)Oriental AvenueSt. Charles PlacePacific Avenue, Park Place, Pennsylvania Avenue
33%
North American Pro Sports Teams (NBA,NHL,MLB,NFL)BlackhawksBravesBlue Jackets, Blue Jays, Blues
30%
Colors in a Crayola 24-PackBlue GreenGreenBlue Violet, Brown, Carnation Pink, Cerulean, Dandelion
30%
Rock and Roll Hall of Fame Inductees(the) Drifters(the) Everly BrothersBob Dylan, Eagles, Earth Wind & Fire, Duane Eddy, ELO
30%
Tony Award-Winning MusicalsLa Cage aux follesLittle Night MusicLes Misérables, The Lion King
23%
US National ParksMesa VerdePetrified ForestMount Rainier, New River Gorge, North Cascades, Olympic
17%

Score Distribution

Percentile by Number Answered

Percent of People with Each Score

Your Score History

You have not taken this quiz